00779nam a22002057a 450000500170000001000150001702000270003203500140005903700090007308200150008210000270009724500980012425000060022226000310022827000800025930000280033994200290036799900190039695201580041520250114123401.0 aENG-143386 c3495.00a9789395116893 aEN-126918 bDBAD a346.540666 aKothari, Vinod 97653500aSecuritisation, Asset Reconstruction and Enforcement of Security Interests/cby Vinod Kothari a7 aGurgaonbLexis Nexisc2024 a14th Floor, Bldg. No.10, Tower-B, DLF Cyber City, Phase-IIbGurgaone122002 acxxxiv,1484p.c24cm(Hb) 2ddccENmVARh346.540666 c208466d208466 001040718REFaLbLd2025-01-14eDelivery of Books Act Divisiong3495.00l0oVAR 346.540666pEN-126918r2025-01-14 00:00:00t1v3495.00w2025-01-14yEN